00815cam a2200241 i 4500999001500000001000600015003000900021005001700030008004100047010001700088020001800105040003300123082002000156245010200176250001200278260004500290300004500335500002000380650002100400700002200421942001200443952011800455 c5432d543217669BD-DhUAP20201222095950.0201210r20112010ii a 001 0 eng  a 2014038966 a9788126523924 aDLCbengcDLCerdadBD-DhUAP00a620.106 FUN223 aFundamentals of fluid mechanics :binternational student version /cBruce R. Munson ... [et al.]. a6th ed. aIndia :bWiley,cc2010 [Reprinted 2011]. axxi, 721 pages :billustrations ;c28 cm aIncludes index. aFluid mechanics. aMunson, Bruce R.  2ddccBK 00102ddc4070aUAPCLbUAPCLcGeneral Stacksd2020-12-10o620.106 FUNp3010017669r2020-12-10t1w2020-12-10yBK